Rules of Fight Club - Statistics

General Stats
  • This quiz has been taken 49 times
  • The average score is 4 of 8
Answer Stats
Hint Answer % Correct
1 You do not talk about fight club
97%
2 You do not talk about fight club
97%
8 If this is your first night at fight club, you have to fight
67%
4 Only two guys to a fight
53%
5 One fight at a time
50%
6 No shirt no shoes
42%
3 If someone yells stop, goes limp, taps out, the fight is over
19%
7 Fights will go on as long as they have to
17%
No matching quizzes found
Score Distribution
Percent of People with Each Score
Percentile by Number Answered
Your Score History
You have not taken this quiz